AFRICAN PHYLOSOPHY OF EDUCATION RECONSIDERED (Record no. 217040)

MARC details
000 -LEADER
fixed length control field 00482nam a22001697a 4500
008 - FIXED-LENGTH DATA ELEMENTS--GENERAL INFORMATION
fixed length control field 260421b |||||||| |||| 00| 0 eng d
020 ## - INTERNATIONAL STANDARD BOOK NUMBER
International Standard Book Number 978-0-415-82584-9
050 ## - LIBRARY OF CONGRESS CALL NUMBER
Classification number LA 1501 .W34 2014
Item number C.4
100 ## - MAIN ENTRY--PERSONAL NAME
Personal name YUSELF QAGHID
245 ## - TITLE STATEMENT
Title AFRICAN PHYLOSOPHY OF EDUCATION RECONSIDERED
Remainder of title ON BEING HUMAN
260 ## - PUBLICATION, DISTRIBUTION, ETC.
Place of publication, distribution, etc. NEW YORK
Name of publisher, distributor, etc. MILTON PARK
Date of publication, distribution, etc. 2014
300 ## - PHYSICAL DESCRIPTION
Extent VIII, 143P
500 ## - GENERAL NOTE
General note INCLUIDES REFERENCES
650 ## - SUBJECT ADDED ENTRY
Topical term or geographic name entry element ON BEING HUMAN
942 ## - ADDED ENTRY ELEMENTS (KOHA)
Source of classification or shelving scheme Library of Congress Classification
Koha item type Long Loan Book
Holdings
Withdrawn status Lost status Source of classification or shelving scheme Damaged status Not for loan Collection Home library Current library Shelving location Date acquired Inventory number Total checkouts Full call number Barcode Date last seen Copy number Price effective from Koha item type
    Library of Congress Classification     Arts & Social Sciences Kisii University Library Kisii University Library On Display 04/21/2026 113131   LA 1501 .W34 2014 A001684 04/21/2026 C.1 04/21/2026 Long Loan Book
    Library of Congress Classification     Arts & Social Sciences Kisii University Library Kisii University Library On Display 04/21/2026 113132   LA 1501 .W34 2014 A001686 04/21/2026 C.2 04/21/2026 Long Loan Book
    Library of Congress Classification     Arts & Social Sciences Kisii University Library Kisii University Library On Display 04/21/2026 113134   LA 1501 .W34 2014 A001685 04/21/2026 C.3 04/21/2026 Long Loan Book
    Library of Congress Classification     Arts & Social Sciences Kisii University Library Kisii University Library On Display 04/21/2026 113135   LA 1501 .W34 2014 A001683 04/21/2026 C.4 04/21/2026 Long Loan Book